=LDR 00000nam 2200000 4500 =001 INLIS000000000020086 =005 20130612115056 =008 ***********************************Ind** =035 ##$$0010-061300000020086 =041 ##$$a Ind =082 ##$$a 813 =090 ##$$a 813, Rah b =100 ##$$a Rahmanti, Icha =245 ##$$a Beauty case, Icha Rahmanti =260 ##$$a 2005 $b Jakarta =300 ##$$a xxx, 288 hlm, ilus, 21 cm =650 ##$$a Fiksi Dewasa-Indonesia =850 ##$$a NBPNMAT